01036nam a2200241 a 4500001001000000003000500010005001700015008004100032010001100073011001100084040000900095100003300104245020900137260004100346500006000387502011800447650002900565650002600594650002700620650004200647700003500689856007000724000112026CHAP20220329144242.0151118s2015 mx |sm |||||||spa d a108487 a109459 cCHAP1 aRodríguez Flores, Álvaro10aValoración de tratamientos moderadores de la flora intestinal del conejo en crecimiento, para la prevención de enteritish[En línea]cpor Álvaro Rodríguez Flores y Miguel Angel Ponce Ensastegui. aChapingo, Méx. :bEl autor,c2015. aPara ver el contenido del material haga clic en la liga aTesis (Ing. Agr. Esp. en Zootecnia) -- UACH. Departamento de Enseñanza, Investigación y Servicio en Zootecnia14aConejosxAlimentación.14aConejosxCrecimiento.14aConejosxEnfermedades.14aProbióticosxAlimentación animal.1 aPonce Ensastegui, Miguel Angel aFinding aiduhttp://10.13.5.2/tesis/sist112026.pdfzTeclea aquí